Statistics for Capitals with Four Letters Quiz

Click here to take the quiz!

General Stats

  • This quiz has been taken 450 times
  • The average score is 12 of 14

Answer Stats

ContinentCapital% Correct
AmericaLima
98%
EuropeRome
97%
EuropeOslo
95%
EuropeBern
92%
EuropeRiga
91%
EuropeKiev
86%
AsiaDili
84%
OceaniaSuva
82%
AsiaBaku
80%
AfricaLomé
80%
AsiaDoha
79%
AsiaMalé
77%
OceaniaApia
76%
AfricaJuba
70%

Score Distribution

Percentile by Number Answered

Percent of People with Each Score

Your Score History

You have not taken this quiz